000
00343nam a2200145Ia 4500
008
150201s1956 xx 000 0 und d
082
_a
617.5
_b
M1956T
100
_a
TURNER,G.GREY
245
_a
MODERN OPERATIVE SURGERY
250
_a
1ST
260
_b
CASSELL & COMP
_a
LONDON
_c
1956
300
_a
Jan-14
650
_a
SURGERY
942
_2
ddc
_c
BK
999
_c
3292
_d
3292